000 00217nam a22000857a 4500
008 160628b xxu||||| |||| 00| 0 eng d
100 _91262
_bMajumdar, L
245 _aMother Teresa
260 _aN.D
_bNational Book Trust
_c1988
999 _c1034
_d1034